| 000 -LEADER |
| fixed length control field |
00707nam a2200229Ia 4500 |
| 001 - CONTROL NUMBER |
| control field |
16111 |
| 003 - CONTROL NUMBER IDENTIFIER |
| control field |
GE_BSU |
| 008 - FIXED-LENGTH DATA ELEMENTS--GENERAL INFORMATION |
| fixed length control field |
181216s||||||||xx |||||||||||||| ||und|| |
| 020 ## - INTERNATIONAL STANDARD BOOK NUMBER |
| International Standard Book Number |
978-9941-0-4126-6 |
| 040 ## - CATALOGING SOURCE |
| Transcribing agency |
GE_BSU |
| 100 ## - MAIN ENTRY--PERSONAL NAME |
| Personal name |
ჩიქოვანი, თინათინ |
| 245 ## - TITLE STATEMENT |
| Title |
იმუნოლოგია |
| 245 ## - TITLE STATEMENT |
| Remainder of title |
მოკლე კურსი.სახელმძღვ |
| 250 ## - EDITION STATEMENT |
| Edition statement |
მე-2 გამოც |
| 260 ## - PUBLICATION, DISTRIBUTION, ETC. |
| Place of publication, distribution, etc. |
თბილისი |
| 260 ## - PUBLICATION, DISTRIBUTION, ETC. |
| Name of publisher, distributor, etc. |
საუნჯე |
| 260 ## - PUBLICATION, DISTRIBUTION, ETC. |
| Date of publication, distribution, etc. |
2012 |
| 300 ## - PHYSICAL DESCRIPTION |
| Extent |
229გვ. : სურ., ცხრ. + 3 ჩართ. ფ. ილ. ; 29სმ |
| 653 ## - INDEX TERM--UNCONTROLLED |
| Uncontrolled term |
იმუნოლოგია |
| 942 ## - ADDED ENTRY ELEMENTS (KOHA) |
| Koha item type |
წიგნი |